今个假期游福建 (Record no. 68434)

000 -LEADER
fixed length control field 00543nam a22002057a 4500
003 - CONTROL NUMBER IDENTIFIER
control field MPLRDC
005 - DATE AND TIME OF LATEST TRANSACTION
control field 20220105061056.0
008 - FIXED-LENGTH DATA ELEMENTS--GENERAL INFORMATION
fixed length control field 210129b ||||| |||| 00| 0 eng d
020 ## - INTERNATIONAL STANDARD BOOK NUMBER
International Standard Book Number 978-988-8295-47-0
082 ## - DEWEY DECIMAL CLASSIFICATION NUMBER
Classification number 719.231 HZK
100 ## - MAIN ENTRY--PERSONAL NAME
Personal name 黄照康 SUNNY
245 ## - TITLE STATEMENT
Title 今个假期游福建
Statement of responsibility, etc.
250 ## - EDITION STATEMENT
Edition statement 新修订版一刷
260 ## - PUBLICATION, DISTRIBUTION, ETC.
Place of publication, distribution, etc. 香港
Name of publisher, distributor, etc. 知出版社
Date of publication, distribution, etc. 2015
300 ## - PHYSICAL DESCRIPTION
Other physical details
490 ## - SERIES STATEMENT
Series statement 黄照康 SUNNY专业导赏: 4
520 ## - SUMMARY, ETC.
Summary, etc. 上架 2016-12-16。
650 ## - SUBJECT ADDED ENTRY--TOPICAL TERM
Topical term or geographic name entry element 中国游记--福建
942 ## - ADDED ENTRY ELEMENTS (KOHA)
Koha item type Book
-- 719.231 HZK

No items available.

© 2022. Malaysian Public Library, Research and Development Centre. All Right ReservedE-mailmplrdc@help.edu.my 

Powered by Koha